[Event "CAN-ch"]
[Site "Montreal CAN"]
[Date "2012.08.05"]
[Round "2"]
[White "Noritsyn, Nikolay"]
[Black "Khassanov, Marat"]
[Result "1-0"]
[WhiteElo "2472"]
[BlackElo "2273"]
[PlyCount "153"]
[GameId "2160767909441654"]
[EventDate "2012.08.04"]
[EventType "swiss"]
[EventRounds "9"]
[EventCountry "CAN"]
[SourceTitle "CBM 149 Extra"]
[Source "ChessBase"]
[SourceDate "2012.08.24"]
[SourceVersion "1"]
[SourceVersionDate "2012.08.24"]
[SourceQuality "1"]

1. b3 e5 2. Bb2 Nc6 3. e3 Nf6 4. Nf3 e4 5. Nd4 Nxd4 6. Bxd4 d5 7. c4 Be6 8. Nc3 Be7 9. cxd5 Bxd5 10. Nxd5 Qxd5 11. Bc4 Qg5 12. O-O O-O 13. f3 Rad8 14. Qc2 Qh4 15. fxe4 Bd6 16. g3 Bxg3 17. d3 Rxd4 18. exd4 Bf4 19. Qf2 Qg5+ 20. Kh1 Be3 21. Qf5 Qxf5 22. Rxf5 Bxd4 23. Raf1 Re8 24. b4 c6 25. Bb3 Re7 26. a4 h6 27. Bc4 Kf8 28. b5 c5 29. Kg2 b6 30. R5f3 Re5 31. Kh1 Re7 32. Rf5 Re8 33. R1f3 Re7 34. Kg2 Re8 35. Kf1 Re7 36. Ke2 Re8 37. Kd1 Re7 38. Kc2 Re8 39. Kb3 Re7 40. h3 Re8 41. Rg3 Re7 42. Rg2 g6 43. Rf1 Kg7 44. a5 Be5 45. axb6 axb6 46. Ra2 h5 47. Ra6 Bc7 48. Ra7 Ne8 49. e5 f5 50. Bd5 Kh6 51. Bc6 Ng7 52. h4 Ne6 53. Kc4 Nd4 54. Rf2 g5 55. hxg5+ Kxg5 56. Rb7 Ne6 57. Rg2+ Kf4 58. Bd5 Ng5 59. Rf2+ Kg4 60. Ra2 Bd8 61. Rb8 Rd7 62. Raa8 Be7 63. Rxb6 Nf3 64. Rg6+ Kf4 65. Bxf3 Rd4+ 66. Kc3 Kxf3 67. Ra7 Bh4 68. e6 Ke2 69. Rd7 f4 70. Rxd4 cxd4+ 71. Kxd4 f3 72. e7 Bxe7 73. Re6+ Kf1 74. Rxe7 f2 75. b6 Kg1 76. Rg7+ Kh1 77. Rf7 1-0

[Event "CAN-ch"]
[Site "Montreal CAN"]
[Date "2012.08.05"]
[Round "2"]
[White "Oussedik, Elias"]
[Black "Hamilton, Robert"]
[Result "1/2-1/2"]
[WhiteElo "2005"]
[BlackElo "2305"]
[PlyCount "64"]
[GameId "2160767909441655"]
[EventDate "2012.08.04"]
[EventType "swiss"]
[EventRounds "9"]
[EventCountry "CAN"]
[SourceTitle "CBM 149 Extra"]
[Source "ChessBase"]
[SourceDate "2012.08.24"]
[SourceVersion "1"]
[SourceVersionDate "2012.08.24"]
[SourceQuality "1"]

1. Nf3 Nf6 2. c4 b6 3. g3 c5 4. Bg2 Bb7 5. Nc3 g6 6. O-O Bg7 7. d4 cxd4 8. Qxd4 O-O 9. Qh4 d6 10. Bh6 Nbd7 11. Rac1 Rc8 12. b3 Rc5 13. Bxg7 Kxg7 14. Rfd1 Qa8 15. Qd4 Kg8 16. Ne1 Ne5 17. Bxb7 Qxb7 18. Nd3 Nxd3 19. Rxd3 Qd7 20. Ne4 Nxe4 21. Qxe4 b5 22. b4 Rxc4 23. Rxc4 bxc4 24. Qxc4 Rc8 25. Qb3 Qg4 26. Rf3 e6 27. Qe3 Rc7 28. Rf4 Qg5 29. a4 e5 30. h4 Qh6 31. Rf3 Qxe3 32. Rxe3 Rc1+ 1/2-1/2

[Event "CAN-ch"]
[Site "Montreal CAN"]
[Date "2012.08.05"]
[Round "2"]
[White "Pechenkin, Vladimir"]
[Black "Robichaud, Louis"]
[Result "1-0"]
[WhiteElo "2334"]
[BlackElo "2100"]
[PlyCount "79"]
[GameId "2160767909441656"]
[EventDate "2012.08.04"]
[EventType "swiss"]
[EventRounds "9"]
[EventCountry "CAN"]
[SourceTitle "CBM 149 Extra"]
[Source "ChessBase"]
[SourceDate "2012.08.24"]
[SourceVersion "1"]
[SourceVersionDate "2012.08.24"]
[SourceQuality "1"]

1. c4 Nf6 2. g3 g6 3. Bg2 Bg7 4. Nc3 O-O 5. d4 d6 6. Nf3 Nbd7 7. O-O e5 8. e4 exd4 9. Nxd4 c6 10. h3 Re8 11. Be3 Nc5 12. Qc2 a5 13. Rad1 Nfd7 14. b3 Qe7 15. Rfe1 h5 16. f4 h4 17. g4 Nf6 18. Bf2 Bxg4 19. hxg4 Nxg4 20. e5 dxe5 21. Nxc6 bxc6 22. Bxc6 Nxf2 23. Qxf2 Rac8 24. Nd5 Qd6 25. Bxe8 Rxe8 26. fxe5 Rxe5 27. Rxe5 Qxe5 28. Qxc5 Qg3+ 29. Kf1 Qf3+ 30. Ke1 h3 31. Qf2 Qe4+ 32. Kd2 Bh6+ 33. Kc3 Qe5+ 34. Kd3 Bg5 35. Rh1 f5 36. Rxh3 Qa1 37. Qe2 Qb1+ 38. Kd4 Qg1+ 39. Ke5 Qa7 40. Nf6+ 1-0

[Event "CAN-ch"]
[Site "Montreal CAN"]
[Date "2012.08.05"]
[Round "2"]
[White "Qin, Zi Yi (Joey)"]
[Black "Panjwani, Raja"]
[Result "1-0"]
[WhiteElo "2198"]
[BlackElo "2416"]
[PlyCount "85"]
[GameId "2160767909441657"]
[EventDate "2012.08.04"]
[EventType "swiss"]
[EventRounds "9"]
[EventCountry "CAN"]

1. Nf3 Nf6 2. g3 b6 3. Bg2 Bb7 4. O-O c5 5. d3 e6 6. e4 d5 7. Nbd2 Be7 8. Re1 Nc6 9. c3 Qc7 10. Nf1 dxe4 11. dxe4 Nd7 12. Bf4 Nce5 13. Nxe5 Nxe5 14. Bxe5 Qxe5 15. Qa4+ Kf8 16. Rad1 a6 17. Ne3 b5 18. Qa5 Rc8 19. Rd7 Bc6 20. Ra7 Qb8 21. Qxa6 Bd8 22. Ng4 Bc7 23. Rd1 h5 24. Qxc6 Qxa7 25. Ne5 Kg8 26. Nxf7 Qb6 27. Qxb6 Bxb6 28. Nxh8 Kxh8 29. Rd6 Ba5 30. Bh3 b4 31. c4 Rd8 32. Rxd8+ Bxd8 33. Bxe6 Bf6 34. b3 h4 35. f4 hxg3 36. hxg3 Bd4+ 37. Kg2 g5 38. Kf3 Kg7 39. e5 Kh6 40. Kg4 Be3 41. Bd5 Bd4 42. Kf5 gxf4 43. e6 1-0

[Event "CAN-ch"]
[Site "Montreal CAN"]
[Date "2012.08.05"]
[Round "2"]
[White "Wang, Richard"]
[Black "Filipovich, David"]
[Result "1-0"]
[WhiteElo "2338"]
[BlackElo "2091"]
[PlyCount "65"]
[GameId "2160767909441658"]
[EventDate "2012.08.04"]
[EventType "swiss"]
[EventRounds "9"]
[EventCountry "CAN"]
[SourceTitle "CBM 149 Extra"]
[Source "ChessBase"]
[SourceDate "2012.08.24"]
[SourceVersion "1"]
[SourceVersionDate "2012.08.24"]
[SourceQuality "1"]

1. d4 g6 2. Nf3 Bg7 3. c3 Nf6 4. Bg5 b6 5. Nbd2 Bb7 6. e3 O-O 7. Bd3 c5 8. O-O d6 9. Qe2 Nbd7 10. e4 h6 11. Bxf6 Nxf6 12. d5 a6 13. a4 Nd7 14. g3 Ne5 15. Nxe5 Bxe5 16. f4 Bg7 17. Nf3 Qc7 18. h4 e6 19. dxe6 fxe6 20. Kh2 Kh8 21. h5 e5 22. Nh4 exf4 23. Nxg6+ Kg8 24. Nxf8 fxg3+ 25. Kg1 Rxf8 26. Bc4+ d5 27. Rxf8+ Kxf8 28. Bxd5 Bxd5 29. exd5 c4 30. Rf1+ Kg8 31. Qe6+ Kh8 32. Kg2 Qd8 33. Re1 1-0

[Event "CAN-ch"]
[Site "Montreal CAN"]
[Date "2012.08.05"]
[Round "3"]
[White "Anastasovski, Nikola"]
[Black "Luo, Zhao Yang"]
[Result "1-0"]
[WhiteElo "2070"]
[BlackElo "1991"]
[PlyCount "63"]
[GameId "2160767909441659"]
[EventDate "2012.08.04"]
[EventType "swiss"]
[EventRounds "9"]
[EventCountry "CAN"]
[SourceTitle "CBM 149 Extra"]
[Source "ChessBase"]
[SourceDate "2012.08.24"]
[SourceVersion "1"]
[SourceVersionDate "2012.08.24"]
[SourceQuality "1"]

1. e4 c6 2. d4 d5 3. exd5 cxd5 4. c4 Nf6 5. Nc3 Nc6 6. Be3 dxc4 7. Bxc4 e6 8. Nf3 Bd6 9. h3 h6 10. Rc1 O-O 11. O-O Ne7 12. Bd3 Ned5 13. Qd2 Re8 14. a3 a6 15. Bb1 b5 16. b4 Bb7 17. Ne5 Qe7 18. Nd3 Nxc3 19. Qxc3 Nd5 20. Qc2 Nf6 21. Qe2 Red8 22. Rfd1 Bd5 23. Ba2 Bxa2 24. Qxa2 a5 25. a4 Nd5 26. axb5 axb4 27. Qc4 Nc3 28. Rd2 Rdc8 29. Nc5 Ne4 30. Rdc2 Ra4 31. Qb3 Ra7 32. Nxe4 1-0

[Event "CAN-ch"]
[Site "Montreal CAN"]
[Date "2012.08.05"]
[Round "3"]
[White "Ber, Yves"]
[Black "Derraugh, Geordie"]
[Result "0-1"]
[WhiteElo "2114"]
[BlackElo "2097"]
[PlyCount "58"]
[GameId "2160767909441660"]
[EventDate "2012.08.04"]
[EventType "swiss"]
[EventRounds "9"]
[EventCountry "CAN"]
[SourceTitle "CBM 149 Extra"]
[Source "ChessBase"]
[SourceDate "2012.08.24"]
[SourceVersion "1"]
[SourceVersionDate "2012.08.24"]
[SourceQuality "1"]

1. d4 Nf6 2. Nf3 g6 3. c4 Bg7 4. Nc3 d5 5. e3 O-O 6. Bd3 c6 7. O-O Nbd7 8. Re1 dxc4 9. Bxc4 Qc7 10. Qb3 Nb6 11. Bd3 Bg4 12. Ne5 Be6 13. Qc2 Nfd5 14. Bf1 Bxe5 15. dxe5 Qxe5 16. e4 Nxc3 17. bxc3 Bc4 18. f4 Qc7 19. Qf2 Bxf1 20. Kxf1 Nc4 21. g4 Qa5 22. Qg3 Rad8 23. f5 Ne5 24. Bh6 Rd3 25. Qh4 Re8 26. Rec1 Qb5 27. c4 Qb2 28. Rab1 Rf3+ 29. Kg1 Qd4+ 0-1

[Event "CAN-ch"]
[Site "Montreal CAN"]
[Date "2012.08.05"]
[Round "3"]
[White "Cardin, Guillaume"]
[Black "Itkin, David"]
[Result "0-1"]
[WhiteElo "1790"]
[BlackElo "2058"]
[PlyCount "102"]
[GameId "2160767909441661"]
[EventDate "2012.08.04"]
[EventType "swiss"]
[EventRounds "9"]
[EventCountry "CAN"]

1. e4 c5 2. Nf3 d6 3. d4 cxd4 4. Nxd4 Nf6 5. Nc3 Nc6 6. Bg5 e6 7. Qd2 a6 8. O-O-O h6 9. Bh4 Nxe4 10. Qf4 Ng5 11. Ne4 Nxd4 12. Rxd4 e5 13. Bxg5 hxg5 14. Qe3 Be7 15. Rd1 Bg4 16. f3 Be6 17. Kb1 Rc8 18. Bd3 Qa5 19. b3 Qd8 20. g3 d5 21. Nf2 Bc5 22. Qe2 Bd4 23. f4 Qa5 24. f5 Qc3 25. Kc1 Bc5 26. Rdf1 Bb4 27. Kb1 Bd7 28. Re1 f6 29. Nd1 Qd4 30. c3 Bxc3 31. Nxc3 Rxc3 32. Rd1 Rxd3 33. Rxd3 Bb5 34. Rhd1 Bxd3+ 35. Rxd3 Rxh2 36. Qxh2 Qxd3+ 37. Kb2 d4 38. Qh3 Ke7 39. Qh8 Qxf5 40. Kc1 Qd3 41. Kb2 Kf7 42. Qh5+ Qg6 43. Qh1 e4 44. Qc1 Qf5 45. Qc7+ Kg6 46. Qxb7 d3 47. Qxa6 Qf2+ 48. Kc3 Qc2+ 49. Kb4 d2 50. Qe6 d1=Q 51. Qe8+ Kh7 0-1

[Event "CAN-ch"]
[Site "Montreal CAN"]
[Date "2012.08.05"]
[Round "3"]
[White "Chiku-Ratte, Olivier-Kenta"]
[Black "Masse, Hugues"]
[Result "1/2-1/2"]
[WhiteElo "2107"]
[BlackElo "2232"]
[PlyCount "36"]
[GameId "2160767909441662"]
[EventDate "2012.08.04"]
[EventType "swiss"]
[EventRounds "9"]
[EventCountry "CAN"]
[SourceTitle "CBM 149 Extra"]
[Source "ChessBase"]
[SourceDate "2012.08.24"]
[SourceVersion "1"]
[SourceVersionDate "2012.08.24"]
[SourceQuality "1"]

1. d4 Nf6 2. c4 g6 3. Nc3 d5 4. cxd5 Nxd5 5. e4 Nxc3 6. bxc3 Bg7 7. Nf3 c5 8. Rb1 O-O 9. Be2 cxd4 10. cxd4 Qa5+ 11. Bd2 Qxa2 12. O-O b6 13. Qc1 Qe6 14. Bc4 Qxe4 15. Bxf7+ Rxf7 16. Qxc8+ Rf8 17. Qc4+ e6 18. Rb5 Qc6 1/2-1/2

[Event "CAN-ch"]
[Site "Montreal CAN"]
[Date "2012.08.05"]
[Round "3"]
[White "Filipovich, David"]
[Black "Leutschaft, Martin"]
[Result "1-0"]
[WhiteElo "2091"]
[BlackElo "2143"]
[PlyCount "77"]
[GameId "2160767909441663"]
[EventDate "2012.08.04"]
[EventType "swiss"]
[EventRounds "9"]
[EventCountry "CAN"]

1. Nf3 d5 2. g3 Nf6 3. Bg2 g6 4. O-O Bg7 5. d4 O-O 6. c4 c6 7. cxd5 cxd5 8. Nc3 b6 9. Ne5 Bb7 10. Qa4 a6 11. Rd1 b5 12. Qb3 Nc6 13. Nxc6 Bxc6 14. Bg5 e6 15. e4 Qb6 16. Bxf6 Bxf6 17. exd5 exd5 18. Bxd5 Rad8 19. Bxc6 Qxc6 20. d5 Qd7 21. a4 bxa4 22. Qxa4 Qh3 23. Qxa6 Be5 24. Qf1 Qf5 25. Qd3 Qh3 26. Ra4 Rb8 27. Re4 Bd6 28. Nb5 Bc5 29. b4 Bb6 30. Nd4 Ra8 31. Qb5 Rfb8 32. Qc6 Qh5 33. Ree1 Bxd4 34. Rxd4 Ra3 35. d6 Raa8 36. d7 Rd8 37. Re8+ Kg7 38. Qxa8 Rxa8 39. Rxa8 1-0

[Event "CAN-ch"]
[Site "Montreal CAN"]
[Date "2012.08.05"]
[Round "3"]
[White "Gerzhoy, Leonid"]
[Black "Qin, Zi Yi (Joey)"]
[Result "1/2-1/2"]
[WhiteElo "2448"]
[BlackElo "2198"]
[PlyCount "59"]
[GameId "2160767909441664"]
[EventDate "2012.08.04"]
[EventType "swiss"]
[EventRounds "9"]
[EventCountry "CAN"]

1. c4 Nf6 2. Nc3 g6 3. g3 Bg7 4. Bg2 O-O 5. d4 d6 6. Nf3 c6 7. O-O Qa5 8. d5 cxd5 9. cxd5 b5 10. Nd4 b4 11. Ne4 Nxe4 12. Bxe4 Bb7 13. Be3 Nd7 14. Nc6 Bxc6 15. dxc6 Nf6 16. Bg2 d5 17. Qb3 Rfc8 18. Rfc1 e6 19. a3 Qb5 20. axb4 Rxc6 21. Rxc6 Qxc6 22. b5 Qb7 23. Qa4 Ne8 24. b6 a6 25. Bc5 Nf6 26. e4 Nd7 27. Qb4 Nxc5 28. Qxc5 Rb8 29. exd5 Qxb6 30. Qxb6 1/2-1/2

[Event "CAN-ch"]
[Site "Montreal CAN"]
[Date "2012.08.05"]
[Round "3"]
[White "Hamilton, Robert"]
[Black "Hebert, Jean"]
[Result "1/2-1/2"]
[WhiteElo "2305"]
[BlackElo "2410"]
[PlyCount "113"]
[GameId "2160767909441665"]
[EventDate "2012.08.04"]
[EventType "swiss"]
[EventRounds "9"]
[EventCountry "CAN"]
[SourceTitle "CBM 149 Extra"]
[Source "ChessBase"]
[SourceDate "2012.08.24"]
[SourceVersion "1"]
[SourceVersionDate "2012.08.24"]
[SourceQuality "1"]

1. d4 Nf6 2. Nf3 c5 3. d5 e6 4. Nc3 d6 5. dxe6 Bxe6 6. e4 Nc6 7. Bb5 a6 8. Bxc6+ bxc6 9. O-O Be7 10. e5 Nd5 11. Ne4 dxe5 12. Nxe5 Qc7 13. Nc4 O-O 14. b3 Bf5 15. Qf3 Bg6 16. Re1 Rfe8 17. Bb2 f6 18. Re2 Qf4 19. Qxf4 Nxf4 20. Ree1 Nd5 21. Rad1 a5 22. f3 a4 23. Ba3 axb3 24. axb3 Bf8 25. Kf2 f5 26. Ned2 f4 27. Rxe8 Rxe8 28. Ne4 Bxe4 29. fxe4 Nc3 30. Rd7 Nxe4+ 31. Kf3 Ng5+ 32. Kxf4 Ne6+ 33. Kg4 Nd4 34. Rc7 Re2 35. Rc8 Rxg2+ 36. Kh3 Rg5 37. c3 Ne2 38. Re8 Nf4+ 39. Kh4 h6 40. Bc1 Ng6+ 41. Kh3 Rd5 42. Re6 Kf7 43. Rxc6 Rd3+ 44. Be3 Rxc3 45. Kg2 Nh4+ 46. Kf2 Rc2+ 47. Bd2 Nf5 48. Ne5+ Kg8 49. Ke1 Bd6 50. Nc4 Bxh2 51. Rxc5 Nd4 52. b4 Kh7 53. Kd1 Ra2 54. Ra5 Rxa5 55. bxa5 Bb8 56. a6 Nc6 57. Na5 1/2-1/2

[Event "CAN-ch"]
[Site "Montreal CAN"]
[Date "2012.08.05"]
[Round "3"]
[White "Jiang, Louie"]
[Black "Noritsyn, Nikolay"]
[Result "0-1"]
[WhiteElo "2337"]
[BlackElo "2472"]
[PlyCount "66"]
[GameId "2160767909441666"]
[EventDate "2012.08.04"]
[EventType "swiss"]
[EventRounds "9"]
[EventCountry "CAN"]
[SourceTitle "CBM 149 Extra"]
[Source "ChessBase"]
[SourceDate "2012.08.24"]
[SourceVersion "1"]
[SourceVersionDate "2012.08.24"]
[SourceQuality "1"]

1. e4 c5 2. Nf3 e6 3. d4 cxd4 4. Nxd4 a6 5. Nc3 b5 6. Bd3 Qb6 7. Nb3 Qc7 8. Be3 Nf6 9. Qe2 Bb7 10. f3 d6 11. g4 Nc6 12. g5 Nd7 13. f4 Nc5 14. O-O h6 15. Rad1 hxg5 16. fxg5 Ne5 17. Bd4 Be7 18. Bxb5+ axb5 19. Nxb5 Qb8 20. Bxe5 dxe5 21. Qf2 O-O 22. Nxc5 Bxc5 23. Qxc5 Bxe4 24. Nd6 Bg6 25. b4 Rxa2 26. Rf2 Bh5 27. Rd3 Ra1+ 28. Rf1 Rxf1+ 29. Kxf1 Qa8 30. Qxe5 Qh1+ 31. Kf2 Ra8 32. Rc3 Qd1 33. Qe4 Qd2+ 0-1

[Event "CAN-ch"]
[Site "Montreal CAN"]
[Date "2012.08.05"]
[Round "3"]
[White "Khassanov, Marat"]
[Black "Gusev, Nikita"]
[Result "1/2-1/2"]
[WhiteElo "2273"]
[BlackElo "2117"]
[PlyCount "73"]
[GameId "2160767909441667"]
[EventDate "2012.08.04"]
[EventType "swiss"]
[EventRounds "9"]
[EventCountry "CAN"]
[SourceTitle "hb 2012"]

1. e4 c5 2. Nf3 e6 3. c3 Nf6 4. e5 Nd5 5. Bc4 d6 6. O-O Nc6 7. d4 Be7 8. Qe2 dxe5 9. dxe5 a6 10. a4 b6 11. Rd1 Bb7 12. Na3 Na5 13. Ba2 Qc7 14. Nc4 Nxc4 15. Qxc4 Qc6 16. Qg4 O-O-O 17. Bg5 h5 18. Qe4 f6 19. exf6 gxf6 20. Bh4 Kb8 21. Re1 Rd6 22. Bg3 e5 23. Rad1 Nc7 24. Qxc6 Bxc6 25. Rxd6 Bxd6 26. Bh4 Rf8 27. Rd1 Ne8 28. Bd5 Kc7 29. b3 Ng7 30. Bg3 Nf5 31. Nh4 Ne7 32. Bxc6 Kxc6 33. Nf3 Nf5 34. Nh4 Ne7 35. Nf3 Nd5 36. Rc1 Ne7 37. Rd1 1/2-1/2

[Event "CAN-ch"]
[Site "Montreal CAN"]
[Date "2012.08.05"]
[Round "3"]
[White "Kraiouchkine, Nikita"]
[Black "Kovalyov, Anton"]
[Result "0-1"]
[WhiteElo "2204"]
[BlackElo "2605"]
[PlyCount "82"]
[GameId "2160767909441668"]
[EventDate "2012.08.04"]
[EventType "swiss"]
[EventRounds "9"]
[EventCountry "CAN"]
[SourceTitle "CBM 149 Extra"]
[Source "ChessBase"]
[SourceDate "2012.08.24"]
[SourceVersion "1"]
[SourceVersionDate "2012.08.24"]
[SourceQuality "1"]

1. d4 Nf6 2. c4 e6 3. Nf3 b6 4. e3 Bb7 5. Nbd2 c5 6. b3 Be7 7. Bb2 O-O 8. Bd3 cxd4 9. exd4 Nc6 10. O-O Rc8 11. Rc1 d5 12. a3 dxc4 13. Nxc4 Rc7 14. Bb1 Nd5 15. Nfe5 Nxe5 16. dxe5 Nf4 17. f3 Qxd1 18. Rcxd1 Ba6 19. Rfe1 Bxc4 20. bxc4 Rxc4 21. Rd7 Bc5+ 22. Kf1 Nd5 23. Re4 b5 24. Bd3 Rxe4 25. fxe4 Ne3+ 26. Ke2 Nxg2 27. Bxb5 Rb8 28. Bd4 Bxd4 29. Rxd4 Nf4+ 30. Ke3 Ng6 31. a4 Nxe5 32. Rd6 g5 33. Kd4 Nf3+ 34. Kc5 Nxh2 35. Rd7 g4 36. e5 h5 37. Rxa7 g3 38. Bc6 Rb2 39. Rb7 Rc2+ 40. Kb6 Rxc6+ 41. Kxc6 g2 0-1

[Event "CAN-ch"]
[Site "Montreal CAN"]
[Date "2012.08.05"]
[Round "3"]
[White "Larochelle, Martial"]
[Black "Milicevic, Goran"]
[Result "1-0"]
[WhiteElo "2153"]
[BlackElo "2287"]
[PlyCount "55"]
[GameId "2160767909441669"]
[EventDate "2012.08.04"]
[EventType "swiss"]
[EventRounds "9"]
[EventCountry "CAN"]
[SourceTitle "CBM 149 Extra"]
[Source "ChessBase"]
[SourceDate "2012.08.24"]
[SourceVersion "1"]
[SourceVersionDate "2012.08.24"]
[SourceQuality "1"]

1. c4 Nf6 2. Nf3 e6 3. g3 d5 4. Bg2 Nc6 5. b3 Be7 6. O-O O-O 7. Bb2 a5 8. Nc3 d4 9. Nb5 e5 10. e3 Bc5 11. exd4 exd4 12. Re1 a4 13. bxa4 Bf5 14. d3 Re8 15. Rxe8+ Nxe8 16. Ba3 Bxa3 17. Nxa3 Nb4 18. Nc2 Nxc2 19. Qxc2 c5 20. Nh4 Bc8 21. Re1 Nd6 22. Re5 Qc7 23. Qe2 g6 24. Bd5 Kf8 25. Qf3 Rxa4 26. Qf6 Kg8 27. Nxg6 hxg6 28. Qxg6+ 1-0

[Event "CAN-ch"]
[Site "Montreal CAN"]
[Date "2012.08.05"]
[Round "3"]
[White "Panjwani, Raja"]
[Black "Oussedik, Elias"]
[Result "1-0"]
[WhiteElo "2394"]
[BlackElo "2005"]
[PlyCount "89"]
[GameId "2160767909441670"]
[EventDate "2012.08.04"]
[EventType "swiss"]
[EventRounds "9"]
[EventCountry "CAN"]
[SourceTitle "CBM 149 Extra"]
[Source "ChessBase"]
[SourceDate "2012.08.24"]
[SourceVersion "1"]
[SourceVersionDate "2012.08.24"]
[SourceQuality "1"]

1. e4 e6 2. Qe2 Be7 3. d3 d5 4. Nf3 Nf6 5. e5 Nfd7 6. g3 c5 7. Bg2 Nc6 8. O-O O-O 9. Re1 b5 10. h4 f6 11. exf6 Nxf6 12. a4 b4 13. c4 Bd6 14. b3 Rb8 15. Bb2 Kh8 16. Nbd2 h6 17. d4 Qb6 18. Ne5 Ne7 19. dxc5 Bxc5 20. Nd3 Nc6 21. Nxc5 Qxc5 22. Rac1 Qd6 23. Bxf6 Rxf6 24. cxd5 exd5 25. Qe8+ Kh7 26. Ne4 dxe4 27. Rxc6 Bf5 28. Rxd6 Rxe8 29. Rd4 Rc8 30. Rxb4 Rc2 31. g4 e3 32. Rxe3 Rc1+ 33. Kh2 Bb1 34. Kg3 Rd1 35. Rf4 Rb6 36. a5 Rb8 37. Rf7 Bc2 38. Rxa7 Bxb3 39. a6 Rb6 40. Rb7 Rxa6 41. Rbxb3 Rd4 42. Be4+ Kg8 43. h5 Raa4 44. Rb8+ Kf7 45. Bg6+ 1-0

[Event "CAN-ch"]
[Site "Montreal CAN"]
[Date "2012.08.05"]
[Round "3"]
[White "Preotu, Razvan"]
[Black "Humphreys, Michael"]
[Result "1-0"]
[WhiteElo "2080"]
[BlackElo "2179"]
[PlyCount "105"]
[GameId "2160767909441671"]
[EventDate "2012.08.04"]
[EventType "swiss"]
[EventRounds "9"]
[EventCountry "CAN"]
[SourceTitle "CBM 149 Extra"]
[Source "ChessBase"]
[SourceDate "2012.08.24"]
[SourceVersion "1"]
[SourceVersionDate "2012.08.24"]
[SourceQuality "1"]

1. e4 c6 2. d4 d5 3. Nc3 dxe4 4. Nxe4 Bf5 5. Ng3 Bg6 6. Nf3 Nd7 7. h4 h6 8. h5 Bh7 9. Bd3 Bxd3 10. Qxd3 e6 11. Bd2 Ngf6 12. O-O-O Be7 13. Ne4 Nxe4 14. Qxe4 Nf6 15. Qe2 Qd5 16. c4 Qe4 17. Qxe4 Nxe4 18. Be3 f5 19. g3 Bg5 20. Bxg5 hxg5 21. Rh2 g4 22. Ne5 Rd8 23. Ng6 Rh6 24. Kc2 Kf7 25. b4 Nf6 26. Nf4 Rdh8 27. Rdh1 R8h7 28. Kd3 Ke7 29. Rh4 Ne4 30. Ke3 Ng5 31. Rb1 Nf3 32. Rhh1 g5 33. hxg6 Rxh1 34. gxh7 Rxh7 35. b5 cxb5 36. Rxb5 Kd6 37. d5 e5 38. c5+ Kc7 39. Ne6+ Kc8 40. a4 Rd7 41. d6 Rf7 42. a5 Rf6 43. a6 f4+ 44. Ke4 bxa6 45. c6 Ng5+ 46. Kd5 Nxe6 47. d7+ Kc7 48. Rb7+ Kd8 49. Rb8+ Kc7 50. Rc8+ Kb6 51. Kxe5 Rh6 52. c7 Kb7 53. d8=Q 1-0

[Event "CAN-ch"]
[Site "Montreal CAN"]
[Date "2012.08.05"]
[Round "3"]
[White "Robichaud, Louis"]
[Black "Chabot, Roland"]
[Result "0-1"]
[WhiteElo "2100"]
[BlackElo "2231"]
[PlyCount "52"]
[GameId "2160767909441672"]
[EventDate "2012.08.04"]
[EventType "swiss"]
[EventRounds "9"]
[EventCountry "CAN"]
[SourceTitle "CBM 149 Extra"]
[Source "ChessBase"]
[SourceDate "2012.08.24"]
[SourceVersion "1"]
[SourceVersionDate "2012.08.24"]
[SourceQuality "1"]

1. e4 e6 2. d3 d5 3. Nd2 Nf6 4. Ngf3 Be7 5. g3 b6 6. e5 Nfd7 7. Bg2 c5 8. O-O Nc6 9. Re1 Qc7 10. c4 O-O 11. Qe2 dxc4 12. dxc4 Bb7 13. Nb3 a5 14. a4 Rad8 15. Bf4 Nb4 16. h4 Nb8 17. Nc1 N8c6 18. Ng5 Nd4 19. Qh5 Bxg5 20. Bxg5 Bxg2 21. Kxg2 Qc6+ 22. f3 Nbc2 23. Re4 Nxa1 24. Bxd8 Rxd8 25. Qg4 Rd7 26. Nd3 Nxf3 0-1

[Event "CAN-ch"]
[Site "Montreal CAN"]
[Date "2012.08.05"]
[Round "3"]
[White "Sambuev, Bator"]
[Black "Pechenkin, Vladimir"]
[Result "1-0"]
[WhiteElo "2523"]
[BlackElo "2334"]
[PlyCount "67"]
[GameId "2160767909441673"]
[EventDate "2012.08.04"]
[EventType "swiss"]
[EventRounds "9"]
[EventCountry "CAN"]
[SourceTitle "CBM 149 Extra"]
[Source "ChessBase"]
[SourceDate "2012.08.24"]
[SourceVersion "1"]
[SourceVersionDate "2012.08.24"]
[SourceQuality "1"]

1. d4 f5 2. c4 Nf6 3. Nc3 d6 4. Nf3 g6 5. Bg5 Bg7 6. Qc2 O-O 7. h4 Nc6 8. O-O-O Ng4 9. e3 h6 10. Bf4 Bd7 11. c5 Qe8 12. d5 Nb4 13. Qb3 dxc5 14. a3 Nxf2 15. axb4 cxb4 16. d6+ Kh8 17. Qxb4 cxd6 18. Bc4 Rc8 19. Bb3 Nxh1 20. Rxh1 e5 21. Bg3 Be6 22. Rd1 Bxb3 23. Qxb3 Qc6 24. Kb1 f4 25. exf4 exf4 26. Bf2 b6 27. Bd4 Bxd4 28. Rxd4 Rf6 29. Qd1 Re8 30. Nd5 Rf5 31. Nxf4 g5 32. hxg5 hxg5 33. Nd5 Kg7 34. Qd3 1-0

[Event "CAN-ch"]
[Site "Montreal CAN"]
[Date "2012.08.05"]
[Round "3"]
[White "Song, Michael"]
[Black "Wang, Richard"]
[Result "0-1"]
[WhiteElo "2154"]
[BlackElo "2338"]
[PlyCount "66"]
[GameId "2160767909441674"]
[EventDate "2012.08.04"]
[EventType "swiss"]
[EventRounds "9"]
[EventCountry "CAN"]
[SourceTitle "CBM 149 Extra"]
[Source "ChessBase"]
[SourceDate "2012.08.24"]
[SourceVersion "1"]
[SourceVersionDate "2012.08.24"]
[SourceQuality "1"]

1. Nf3 d5 2. g3 Nf6 3. Bg2 Bf5 4. O-O e6 5. b3 Be7 6. Bb2 O-O 7. d3 h6 8. Nbd2 c5 9. Ne5 Qc7 10. e4 dxe4 11. dxe4 Bh7 12. Qe2 Nbd7 13. f4 a6 14. a4 Rad8 15. a5 Nb8 16. Ndc4 Nfd7 17. Nxd7 Nxd7 18. Rae1 Bf6 19. e5 Be7 20. Qf2 b5 21. axb6 Nxb6 22. Nxb6 Qxb6 23. g4 Qb4 24. f5 exf5 25. gxf5 Bh4 26. Qf3 Bxe1 27. f6 Bg6 28. fxg7 Rfe8 29. Bh3 Bh4 30. e6 f6 31. Bf5 Bxf5 32. Qxf5 Qd2 33. Bc1 Qd4+ 0-1

[Event "CAN-ch"]
[Site "Montreal CAN"]
[Date "2012.08.05"]
[Round "3"]
[White "Upper, John"]
[Black "Carrier, Claude"]
[Result "1/2-1/2"]
[WhiteElo "2036"]
[BlackElo "2154"]
[PlyCount "57"]
[GameId "2160767909441675"]
[EventDate "2012.08.04"]
[EventType "swiss"]
[EventRounds "9"]
[EventCountry "CAN"]
[SourceTitle "CBM 149 Extra"]
[Source "ChessBase"]
[SourceDate "2012.08.24"]
[SourceVersion "1"]
[SourceVersionDate "2012.08.24"]
[SourceQuality "1"]

1. d4 Nf6 2. c4 g6 3. Nc3 d5 4. Nf3 Bg7 5. Qb3 dxc4 6. Qxc4 O-O 7. e4 a6 8. Be2 b5 9. Qb3 Nfd7 10. Be3 Nb6 11. O-O Nc6 12. Rad1 Na5 13. Qc2 Nac4 14. Bc1 Bb7 15. Rfe1 Qc8 16. b4 e5 17. dxe5 Nxe5 18. Nxe5 Bxe5 19. Nd5 Nxd5 20. exd5 Re8 21. Be3 Qd7 22. Bc5 Rad8 23. Bd3 f6 24. Qb3 Qf7 25. g3 Bd6 26. Re3 Rxe3 27. fxe3 Qe7 28. Kg2 Kg7 29. Rc1 1/2-1/2